Terahertz for military and security applications : 21 April 2003, Orlando, Florida, USA /

Bibliographic Details
Corporate Author: Society of Photo-optical Instrumentation Engineers
Other Authors: Hwu, R. Jennifer, Woolard, Dwight L.
Format: Book
Language:English
Published: Bellingham, Washington : SPIE, [2003]
Series:Proceedings of SPIE--the International Society for Optical Engineering ; v. 5070.
Subjects:
Online Access:https://www.spiedigitallibrary.org/conference-proceedings-of-SPIE/5070.toc

MARC

Tag First Indicator Second Indicator Subfields
LEADER 00000cam a2200000 a 4500
001 in00001786913
005 20230627172851.8
008 030922s2003 waua b 101 0 eng d
020 |a 0819449296 
035 |a (OCoLC)ocm53058878 
040 |a LHL  |c LHL  |d TXA  |d UtOrBLW 
049 |a TXAM 
090 |a TK7877  |b .T44 2003 
245 0 0 |a Terahertz for military and security applications :  |b 21 April 2003, Orlando, Florida, USA /  |c R. Jennifer Hwu, Dwight L. Woolard ; sponsored and published by SPIE--the International Society for Optical Engineering. 
264 1 |a Bellingham, Washington :  |b SPIE,  |c [2003] 
264 4 |c ©2003 
300 |a iv, 118 pages :  |b illustrations ;  |c 28 cm. 
336 |a text  |b txt  |2 rdacontent 
337 |a unmediated  |b n  |2 rdamedia 
338 |a volume  |b nc  |2 rdacarrier 
490 1 |a Proceedings / SPIE--the international society for optical engineering ;  |v v. 5070 
504 |a Includes bibliographical references and index. 
650 0 |a Submillimeter waves  |x Military aspects  |v Congresses. 
650 0 |a Optoelectronic devices  |x Military aspects  |v Congresses. 
650 0 |a Millimeter wave devices  |x Military aspects  |v Congresses. 
700 1 |a Hwu, R. Jennifer. 
700 1 |a Woolard, Dwight L. 
710 2 |a Society of Photo-optical Instrumentation Engineers. 
830 0 |a Proceedings of SPIE--the International Society for Optical Engineering ;  |v v. 5070. 
856 4 1 |u https://www.spiedigitallibrary.org/conference-proceedings-of-SPIE/5070.toc  |t 0 
948 |a cataloged  |b h  |c 2003/9/23  |d c  |e dmitchel  |f 12:00:00 pm 
994 |a E0  |b TXA 
999 |a MARS 
999 f f |s 010b4813-9fc4-30e1-baf1-18bcc35afd97  |i d480d44a-7b2e-3cf7-bc58-ad0cb9eaf412  |t 0 
952 f f |p normal  |a Texas A&M University  |b College Station  |c Sterling C. Evans Library  |d Evans: Library Stacks  |t 0  |e TK7877 .T44 2003  |h Library of Congress classification  |i unmediated -- volume  |m A14830555799 
998 f f |a TK7877 .T44 2003  |t 0  |l Evans: Library Stacks